常用汉字top40 Top 40 frequently used Chinese characters - Statistics

General Stats
  • This quiz has been taken 1 729 times
  • The average score is 19 of 40
Answer Stats
频率 汉字 % Correct
74
93%
38
92%
285
90%
26
87%
94
85%
123
81%
35
73%
97
71%
68
71%
89
60%
51
60%
40
60%
51
59%
29
56%
34
54%
26
53%
38
52%
37
49%
34
49%
64
48%
38
39%
48
37%
38
37%
50
36%
24
36%
28
34%
46
33%
40
32%
31
32%
31
31%
44
30%
23
29%
33
27%
30
27%
40
25%
42
22%
26
21%
23
19%
27
17%
29
10%
No matching quizzes found
Score Distribution
Percent of People with Each Score
Percentile by Number Answered
Your Score History
You have not taken this quiz